000 00371pab a2200157 454500
008 180718b2008 xxu||||| |||| 00| 0 eng d
100 _aNasreen, Taslima
245 _aAre you women or just representing husbands and fathers?
260 _c2008
300 _ap.18-19.
362 _a15 Mar
650 _aWomen
773 _aMainstream
908 _aN
909 _a77492
999 _c77492
_d77492